EA FC26 All Gold Algeria Players - Statistics

General Stats
  • This quiz has been taken 40 times
  • The average score is 7 of 16
Answer Stats
Rate Club Answer % Correct
84 Al Ahli Riyad Mahrez
100%
81 Man City Rayan Ait-Nouri
84%
79 Dortmund Ramy Bensebaini
74%
80 Wolfsburg Mohamed Amoura
68%
80 Zagreb Ismael Bennacer
65%
79 Marseille Amine Gouiri
52%
77 Lille Nabil Bentaleb
52%
77 Al Ittihad Houssem Aouar
32%
77 Neom Said Benrahma
32%
75 Lille Aissa Mandi
29%
75 Paris FC Ilan Kebbal
29%
76 Feyenoord Anis Hadj-Moussa
26%
77 Nice Hicham Boudaoui
26%
75 Stuttgart Badredine Bouanani
23%
78 Union SG Adem Zorgane
16%
76 Angers Himad Abdelli
13%
No matching quizzes found
Score Distribution
Percent of People with Each Score
Percentile by Number Answered
Your Score History
You have not taken this quiz